[Event "Belt and Road Women-ch 2020"]
[Site "Xi'an"]
[Date "2020.12.04"]
[Round "4.2"]
[White "Dzagnidze, Nana"]
[Black "Zhao, Xue"]
[Result "0-1"]
[WhiteElo "2524"]
[BlackElo "2486"]
[Annotator "ChessBase"]
[PlyCount "94"]
[EventDate "2020.12.03"]
[EventCountry "CHN"]
[SourceTitle "playchess.com"]
[Source "ChessBase"]
[SourceQuality "1"]
[TimeControl "900+5"]

1. c4 {[%emt 0:00:01]} Nf6 {[%emt 0:00:03]} 2. Nf3 {[%emt 0:00:03]} e6 {[%emt 0:00:14]} 3. Nc3 {[%emt 0:00:47]} Bb4 {[%emt 0:00:04]} 4. Qc2 {[%emt 0:00:04]} d5 {[%emt 0:00:34]} 5. e3 {[%emt 0:00:04]} O-O {[%emt 0:01:09]} 6. a3 {[%emt 0:00:32]} Bxc3 {[%emt 0:00:59]} 7. Qxc3 {[%emt 0:00:00]} c5 {[%emt 0:00:12]} 8. b4 {[%emt 0:00:18]} Nc6 {[%emt 0:01:02]} 9. bxc5 {[%emt 0:00:14]} Ne4 {[%emt 0:00:44]} 10. Qc2 {[%emt 0:00:03]} Qa5 {[%emt 0:03:41]} 11. Bb2 {[%emt 0:01:25]} Qxc5 {[%emt 0:01:12]} 12. Bd3 {[%emt 0:00:33]} Na5 {[%emt 0:00:14]} 13. Rc1 {[%emt 0:02:02]} Bd7 {[%emt 0:00:34]} 14. Bxe4 {[%emt 0:00:59]} dxe4 {[%emt 0:00:04]} 15. Qxe4 {[%emt 0:00:02]} Rac8 {[%emt 0:00:08]} 16. O-O {[%emt 0:01:55]} Nb3 {[%emt 0:01:11]} 17. Rc2 {[%emt 0:02:30]} Ba4 {[%emt 0:03:09]} 18. Qg4 {[%emt 0:00:42]} g6 {[%emt 0:00:11]} 19. Ng5 {[%emt 0:00:28]} Qf5 {[%emt 0:00:30]} 20. Qh4 {[%emt 0:00:11]} h5 {[%emt 0:00:02]} 21. Ne4 {[%emt 0:00:17]} e5 {[%emt 0:00:15]} 22. d3 {[%emt 0:01:38]} Nc5 {[%emt 0:00:15]} 23. Nd6 {[%emt 0:00:35]} Qe6 {[%emt 0:00:10]} 24. Nxc8 {[%emt 0:00:09]} Bxc2 {[%emt 0:00:01]} 25. Ne7+ {[%emt 0:00:28]} Kh7 {[%emt 0:00:05]} 26. d4 {[%emt 0:00:22]} Nd3 {[%emt 0:00:09]} 27. Ba1 {[%emt 0:00:02]} Qxc4 {[%emt 0:00:13]} 28. Qf6 {[%emt 0:00:02]} Qe6 {[%emt 0:00:06]} 29. dxe5 {[%emt 0:00:10]} Re8 {[%emt 0:00:03]} 30. Nd5 {[%emt 0:00:08]} Nc5 {[%emt 0:00:09]} 31. Qxe6 {[%emt 0:00:19]} Rxe6 {[%emt 0:00:02]} 32. Bd4 {[%emt 0:00:12]} Nd3 {[%emt 0:00:03]} 33. f4 {[%emt 0:00:07]} Ra6 {[%emt 0:00:02]} 34. Ra1 {[%emt 0:00:07]} b5 {[%emt 0:00:03]} 35. Nc7 {[%emt 0:00:02]} Ra5 {[%emt 0:00:01]} 36. e6 {[%emt 0:00:07]} fxe6 {[%emt 0:00:02]} 37. Nxe6 {[%emt 0:00:01]} Kg8 {[%emt 0:00:02]} 38. Ra2 {[%emt 0:00:19]} Bb3 {[%emt 0:00:02]} 39. Ra1 {[%emt 0:00:02]} Bxe6 {[%emt 0:00:02]} 40. Kf1 {[%emt 0:00:02]} Bc4 {[%emt 0:00:01]} 41. Ke2 {[%emt 0:00:02]} Nxf4+ {[%emt 0:00:02]} 42. Kf3 {[%emt 0:00:00]} Ne6 {[%emt 0:00:02]} 43. Bc3 {[%emt 0:00:01]} Ra6 {[%emt 0:00:02]} 44. Ke4 {[%emt 0:00:01]} Rd6 {[%emt 0:00:02]} 45. a4 {[%emt 0:00:03]} Rd3 {[%emt 0:00:02]} 46. Bf6 {[%emt 0:00:02]} Nc5+ {[%emt 0:00:03]} 47. Ke5 {[%emt 0:00:01]} Nd7+ {[%emt 0:00:02]} 0-1

[Event "Belt and Road Women-ch 2020"]
[Site "Xi'an"]
[Date "2020.12.04"]
[Round "4.3"]
[White "Tan, Zhongyi"]
[Black "Atalik, Ekaterina"]
[Result "1-0"]
[WhiteElo "2510"]
[BlackElo "2430"]
[Annotator "ChessBase"]
[PlyCount "91"]
[EventDate "2020.12.03"]
[EventCountry "CHN"]
[SourceTitle "playchess.com"]
[Source "ChessBase"]
[SourceQuality "1"]
[TimeControl "900+5"]

1. d4 {[%emt 0:00:03]} Nf6 {[%emt 0:00:02]} 2. Bf4 {[%emt 0:00:04]} e6 {[%emt 0:00:11]} 3. e3 {[%emt 0:00:16]} c5 {[%emt 0:00:07]} 4. Nf3 {[%emt 0:00:09]} Qb6 {[%emt 0:00:26]} 5. Nc3 {[%emt 0:01:30]} cxd4 {[%emt 0:00:29]} 6. Qxd4 {[%emt 0:01:16]} Qxd4 {[%emt 0:00:23]} 7. exd4 {[%emt 0:00:12]} d6 {[%emt 0:02:28]} 8. Nb5 {[%emt 0:00:29]} Kd7 {[%emt 0:00:06]} 9. Ng5 {[%emt 0:00:23]} a6 {[%emt 0:00:29]} 10. Nxf7 {[%emt 0:02:23]} axb5 {[%emt 0:00:04]} 11. Nxh8 {[%emt 0:00:02]} Ke7 {[%emt 0:00:23]} 12. Bxb5 {[%emt 0:00:07]} g6 {[%emt 0:00:53]} 13. Bd3 {[%emt 0:00:06]} Bg7 {[%emt 0:00:02]} 14. Nxg6+ {[%emt 0:00:03]} hxg6 {[%emt 0:00:02]} 15. Bxg6 {[%emt 0:00:01]} Nc6 {[%emt 0:00:11]} 16. c3 {[%emt 0:00:04]} Bd7 {[%emt 0:00:45]} 17. h4 {[%emt 0:00:04]} Nd5 {[%emt 0:00:46]} 18. Bd2 {[%emt 0:00:17]} Na5 {[%emt 0:00:14]} 19. h5 {[%emt 0:00:16]} Nb3 {[%emt 0:01:40]} 20. h6 {[%emt 0:00:06]} Bh8 {[%emt 0:00:02]} 21. Rb1 {[%emt 0:01:23]} Nxd2 {[%emt 0:00:03]} 22. Kxd2 {[%emt 0:00:02]} Rxa2 {[%emt 0:00:10]} 23. h7 {[%emt 0:00:24]} Ra8 {[%emt 0:00:21]} 24. g3 {[%emt 0:01:02]} Bc6 {[%emt 0:00:13]} 25. f4 {[%emt 0:02:35]} Nf6 {[%emt 0:00:39]} 26. Rhe1 {[%emt 0:00:12]} d5 {[%emt 0:02:07]} 27. Ra1 {[%emt 0:00:18]} Rd8 {[%emt 0:00:11]} 28. Ra7 {[%emt 0:00:12]} Ne4+ {[%emt 0:00:15]} 29. Ke3 {[%emt 0:00:57]} Kf6 {[%emt 0:00:59]} 30. Bxe4 {[%emt 0:00:03]} dxe4 {[%emt 0:00:01]} 31. Rh1 {[%emt 0:00:15]} Bd5 {[%emt 0:00:05]} 32. g4 {[%emt 0:00:21]} Bg7 {[%emt 0:00:07]} 33. b3 {[%emt 0:01:01]} Kg6 {[%emt 0:00:05]} 34. Ra5 {[%emt 0:00:13]} Bxb3 {[%emt 0:00:41]} 35. Rg5+ {[%emt 0:00:01]} Kf7 {[%emt 0:00:01]} 36. Rc5 {[%emt 0:00:19]} Bh8 {[%emt 0:01:19]} 37. Rc7+ {[%emt 0:00:07]} Kg6 {[%emt 0:00:05]} 38. Rh5 {[%emt 0:00:06]} e5 {[%emt 0:00:09]} 39. f5+ {[%emt 0:00:20]} Kf6 {[%emt 0:00:02]} 40. Rh6+ {[%emt 0:00:07]} Kg5 {[%emt 0:00:02]} 41. Rg6+ {[%emt 0:00:02]} Kh4 {[%emt 0:00:02]} 42. Rxb7 {[%emt 0:00:18]} exd4+ {[%emt 0:00:04]} 43. cxd4 {[%emt 0:00:02]} Bxd4+ {[%emt 0:00:06]} 44. Kf4 {[%emt 0:00:04]} Be5+ {[%emt 0:00:16]} 45. Kxe5 {[%emt 0:00:04]} Re8+ {[%emt 0:00:06]} 46. Kf4 {[%emt 0:00:02]} 1-0

[Event "Belt and Road Women-ch 2020"]
[Site "Xi'an"]
[Date "2020.12.04"]
[Round "4.4"]
[White "Lei, Tingjie"]
[Black "Stefanova, Antoaneta"]
[Result "0-1"]
[WhiteElo "2505"]
[BlackElo "2466"]
[Annotator "ChessBase"]
[PlyCount "104"]
[EventDate "2020.12.03"]
[EventCountry "CHN"]
[SourceTitle "playchess.com"]
[Source "ChessBase"]
[SourceQuality "1"]
[TimeControl "900+5"]

1. e4 {[%emt 0:00:02]} c6 {[%emt 0:00:02]} 2. d4 {[%emt 0:00:02]} d5 {[%emt 0:00:02]} 3. e5 {[%emt 0:00:00]} c5 {[%emt 0:00:01]} 4. dxc5 {[%emt 0:00:01]} e6 {[%emt 0:00:01]} 5. a3 {[%emt 0:00:01]} Bxc5 {[%emt 0:00:02]} 6. Qg4 {[%emt 0:00:01]} g6 {[%emt 0:01:20]} 7. Bd3 {[%emt 0:00:19]} h5 {[%emt 0:00:26]} 8. Qg3 {[%emt 0:00:33]} h4 {[%emt 0:00:30]} 9. Qf4 {[%emt 0:01:21]} Bf8 {[%emt 0:06:11]} 10. Nc3 {[%emt 0:01:21]} Bh6 {[%emt 0:00:40]} 11. Qg4 {[%emt 0:00:24]} Bxc1 {[%emt 0:00:40]} 12. Rxc1 {[%emt 0:00:03]} Nh6 {[%emt 0:00:07]} 13. Qe2 {[%emt 0:01:24]} Qg5 {[%emt 0:00:28]} 14. f4 {[%emt 0:01:29]} Qxf4 {[%emt 0:00:04]} 15. Rd1 {[%emt 0:00:02]} Nc6 {[%emt 0:00:53]} 16. Nf3 {[%emt 0:00:06]} Ng4 {[%emt 0:00:57]} 17. Bb5 {[%emt 0:00:13]} Qe3 {[%emt 0:00:30]} 18. Rd4 {[%emt 0:02:05]} Qxe2+ {[%emt 0:00:26]} 19. Kxe2 {[%emt 0:00:03]} Nh6 {[%emt 0:00:03]} 20. Rxh4 {[%emt 0:00:30]} Bd7 {[%emt 0:00:04]} 21. Kf2 {[%emt 0:00:12]} Ke7 {[%emt 0:00:08]} 22. Bxc6 {[%emt 0:01:18]} bxc6 {[%emt 0:00:03]} 23. Na4 {[%emt 0:00:06]} g5 {[%emt 0:00:17]} 24. Rd4 {[%emt 0:01:25]} g4 {[%emt 0:00:24]} 25. Nh4 {[%emt 0:00:05]} Rag8 {[%emt 0:00:20]} 26. Re1 {[%emt 0:00:43]} Rg5 {[%emt 0:00:06]} 27. g3 {[%emt 0:00:40]} Nf5 {[%emt 0:00:34]} 28. Nxf5+ {[%emt 0:00:03]} Rxf5+ {[%emt 0:00:36]} 29. Kg1 {[%emt 0:00:01]} Rhh5 {[%emt 0:00:06]} 30. Nc5 {[%emt 0:00:43]} Rxe5 {[%emt 0:00:09]} 31. Rxe5 {[%emt 0:00:02]} Rxe5 {[%emt 0:00:01]} 32. Ra4 {[%emt 0:00:03]} Re1+ {[%emt 0:01:08]} 33. Kf2 {[%emt 0:00:21]} Rc1 {[%emt 0:00:01]} 34. c3 {[%emt 0:00:09]} Kd6 {[%emt 0:00:07]} 35. b4 {[%emt 0:01:27]} e5 {[%emt 0:00:02]} 36. Rxa7 {[%emt 0:00:04]} Be6 {[%emt 0:00:02]} 37. a4 {[%emt 0:00:09]} Rc2+ {[%emt 0:00:02]} 38. Ke1 {[%emt 0:00:17]} Rxc3 {[%emt 0:00:15]} 39. a5 {[%emt 0:00:01]} e4 {[%emt 0:00:05]} 40. a6 {[%emt 0:00:05]} Ra3 {[%emt 0:00:03]} 41. Rb7 {[%emt 0:00:17]} Ke5 {[%emt 0:00:09]} 42. Rc7 {[%emt 0:00:04]} Ra1+ {[%emt 0:00:14]} 43. Ke2 {[%emt 0:00:12]} Ra2+ {[%emt 0:00:02]} 44. Ke1 {[%emt 0:00:03]} Ra1+ {[%emt 0:00:02]} 45. Ke2 {[%emt 0:00:01]} d4 {[%emt 0:00:10]} 46. Rxc6 {[%emt 0:00:06]} Bc4+ {[%emt 0:00:03]} 47. Kd2 {[%emt 0:00:09]} e3+ {[%emt 0:00:01]} 48. Kc2 {[%emt 0:00:00]} e2 {[%emt 0:00:03]} 49. Nd7+ {[%emt 0:00:01]} Kd5 {[%emt 0:00:11]} 50. b5 {[%emt 0:00:04]} d3+ {[%emt 0:00:03]} 51. Kb2 {[%emt 0:00:02]} e1=Q {[%emt 0:00:04]} 52. Nf6+ {[%emt 0:00:01]} Kd4 {[%emt 0:00:01]} 0-1

[Event "Belt and Road Women-ch 2020"]
[Site "Xi'an"]
[Date "2020.12.04"]
[Round "4.5"]
[White "Khademalsharieh, Sarasadat"]
[Black "Muzychuk, Mariya"]
[Result "1/2-1/2"]
[WhiteElo "2494"]
[BlackElo "2544"]
[Annotator "ChessBase"]
[PlyCount "69"]
[EventDate "2020.12.03"]
[EventCountry "CHN"]
[SourceTitle "playchess.com"]
[Source "ChessBase"]
[SourceQuality "1"]
[TimeControl "900+5"]

1. d4 {[%emt 0:00:02]} Nf6 {[%emt 0:00:03]} 2. c4 {[%emt 0:00:01]} g6 {[%emt 0:00:02]} 3. g3 {[%emt 0:00:02]} c6 {[%emt 0:00:01]} 4. Bg2 {[%emt 0:00:29]} d5 {[%emt 0:00:02]} 5. e3 {[%emt 0:00:10]} Bg7 {[%emt 0:00:08]} 6. Ne2 {[%emt 0:00:03]} O-O {[%emt 0:00:23]} 7. O-O {[%emt 0:00:14]} a5 {[%emt 0:00:50]} 8. cxd5 {[%emt 0:00:47]} cxd5 {[%emt 0:00:04]} 9. Nbc3 {[%emt 0:00:04]} Nc6 {[%emt 0:00:13]} 10. Nf4 {[%emt 0:00:03]} e6 {[%emt 0:00:05]} 11. b3 {[%emt 0:00:01]} b6 {[%emt 0:00:13]} 12. a4 {[%emt 0:00:38]} Ba6 {[%emt 0:00:11]} 13. Re1 {[%emt 0:00:02]} Qd7 {[%emt 0:00:50]} 14. Ba3 {[%emt 0:00:05]} Rfc8 {[%emt 0:00:07]} 15. Qd2 {[%emt 0:00:26]} Rc7 {[%emt 0:01:50]} 16. Rec1 {[%emt 0:00:04]} Rac8 {[%emt 0:00:13]} 17. Nd3 {[%emt 0:01:48]} Bf8 {[%emt 0:00:51]} 18. Bxf8 {[%emt 0:00:26]} Kxf8 {[%emt 0:00:02]} 19. Ne5 {[%emt 0:01:19]} Nxe5 {[%emt 0:01:01]} 20. dxe5 {[%emt 0:00:01]} Ng8 {[%emt 0:01:43]} 21. Bf1 {[%emt 0:00:46]} Bxf1 {[%emt 0:01:23]} 22. Kxf1 {[%emt 0:00:03]} Rc5 {[%emt 0:00:38]} 23. Nb5 {[%emt 0:01:34]} Qc6 {[%emt 0:00:05]} 24. Rxc5 {[%emt 0:00:13]} Qxc5 {[%emt 0:00:01]} 25. Rd1 {[%emt 0:03:12]} Qc2 {[%emt 0:02:01]} 26. Qxc2 {[%emt 0:00:37]} Rxc2 {[%emt 0:00:02]} 27. Nd4 {[%emt 0:00:13]} Rc5 {[%emt 0:00:13]} 28. Rb1 {[%emt 0:00:21]} Ne7 {[%emt 0:00:32]} 29. b4 {[%emt 0:00:02]} Rc4 {[%emt 0:00:55]} 30. bxa5 {[%emt 0:00:03]} bxa5 {[%emt 0:00:01]} 31. Rb8+ {[%emt 0:00:07]} Kg7 {[%emt 0:00:03]} 32. Rb7 {[%emt 0:00:01]} Kf8 {[%emt 0:00:07]} 33. Rb8+ {[%emt 0:00:29]} Kg7 {[%emt 0:00:01]} 34. Rb7 {[%emt 0:00:39]} Kf8 {[%emt 0:00:04]} 35. Rb8+ {[%emt 0:00:14]} 1/2-1/2

[Event "Belt and Road Women-ch 2020"]
[Site "Xi'an"]
[Date "2020.12.04"]
[Round "5.1"]
[White "Muzychuk, Mariya"]
[Black "Abdumalik, Zhansaya"]
[Result "0-1"]
[WhiteElo "2544"]
[BlackElo "2478"]
[Annotator "TA"]
[PlyCount "96"]
[EventDate "2020.12.03"]
[EventCountry "CHN"]
[SourceTitle "playchess.com"]
[Source "ChessBase"]
[SourceQuality "1"]

{[%evp 10,96,37,29,33,0,64,40,85,59,97,102,92,101,114,133,129,118,187,207,362,353,361,347,349,347,331,332,329,252,262,222,426,421,448,395,450,369,327,313,384,363,614,606,606,588,593,597,696,686,692,675,664,643,981,706,684,670,810,512,541,137,140,119,109,-16,81,-401,-387,-912,-855,-975,-975,-967,-966,-914,-845,-824,-821,-1043,-1041,-1008,-979,-1345,-1324,-1539,-1518,-29998,-29999]} 1. e4 e5 2. Nf3 Nc6 3. Bc4 Nf6 4. d3 h6 5. c3 d6 6. Nbd2 {[%cal Bb1d2,Bd2f1,Bf1e3][%mdl 32]} g5 {C55: Two Knights: 4 d3, 4 d4 exd4 5 e5 and Max Lange Attack.} 7. Nf1 Qe7 (7... g4 $11 8. N3d2 h5) 8. Ne3 Bd7 {[#] White is slightly better.} 9. a4 $146 ({Predecessor:} 9. b4 Bg7 10. Bb2 O-O 11. h4 g4 12. Nh2 h5 13. Nhf1 Bh6 14. Qe2 Qd8 15. Bc1 {1-0 (40) Thiruchelvam,M (2020)-Harari,Z (2246) London 1999}) 9... Rg8 10. a5 a6 11. Qb3 Nd8 12. O-O Be6 13. Re1 Bg7 (13... Bxc4 $16 14. Qxc4 (14. Nxc4 Qd7 $16) 14... Qd7) 14. d4 $18 Nd7 $2 (14... Bxc4 15. Qxc4 (15. Nxc4 Nh5 $18) 15... Nc6) 15. d5 Nc5 16. Qc2 Bc8 17. b4 Nd7 18. Nf5 Qf6 19. Be3 Nf8 20. b5 axb5 $2 (20... Ng6 {is a better defense.} 21. bxa6 bxa6) 21. Bxb5+ c6 22. Bc4 Ng6 23. dxc6 bxc6 24. a6 Ne7 25. Nxg7+ Qxg7 $2 (25... Rxg7 26. Qb3 Kf8) 26. Reb1 c5 27. Qd3 Qf6 28. Rb6 Ndc6 29. Bb5 Bd7 30. Rb7 Qe6 31. a7 Kd8 32. Nd2 Bc8 33. Rb6 Kc7 34. Nc4 Rd8 35. Bd2 $2 (35. Qd1 $18) 35... d5 $16 36. exd5 Qxd5 37. Qe3 ({Much worse is} 37. Qxd5 $6 Rxd5 38. Bxc6 Nxc6 $11) ({White should play} 37. Bxc6 $16 Nxc6 38. Qe2 (38. Qxd5 Rxd5 39. Be1 Rd8 $11)) 37... Nxa7 {[#]} (37... Rxa7 $11 38. Qe1 Bb7) 38. Ba6 $2 {[%mdl 8192] Loses the game.} ({Wrong is} 38. Rxh6 $2 Nf5 $19) (38. Rb1 $1 $16 {is necessary to keep the advantage.}) 38... Nac6 $19 39. Be1 $2 (39. Qe2 Qd3 40. Qxd3 Rxd3 41. Be1) 39... Bxa6 40. Rbxa6 Rxa6 41. Rxa6 Qxc4 42. Ra1 Rd3 43. Qe2 Rxc3 44. Qb2 Rc2 45. Qa3 Nd5 46. Ba5+ Kd6 47. Rd1 {[#]} Qe2 $1 {[%mdl 64] Double Attack} 48. Rb1 Qxf2+ {[%mdl 64] Double Attack.  Weighted Error Value: White=1.00/Black=0.37} 0-1

[Event "Belt and Road Women-ch 2020"]
[Site "Xi'an"]
[Date "2020.12.04"]
[Round "5.2"]
[White "Stefanova, Antoaneta"]
[Black "Khademalsharieh, Sarasadat"]
[Result "0-1"]
[WhiteElo "2466"]
[BlackElo "2494"]
[Annotator "ChessBase"]
[PlyCount "58"]
[EventDate "2020.12.03"]
[EventCountry "CHN"]
[SourceTitle "playchess.com"]
[Source "ChessBase"]
[SourceQuality "1"]
[TimeControl "900+5"]

1. Nf3 {[%emt 0:00:01]} d5 {[%emt 0:00:04]} 2. g3 {[%emt 0:00:02]} g6 {[%emt 0:00:02]} 3. c4 {[%emt 0:00:03]} dxc4 {[%emt 0:00:21]} 4. Na3 {[%emt 0:00:08]} Bg7 {[%emt 0:00:02]} 5. Nxc4 {[%emt 0:00:03]} c5 {[%emt 0:00:10]} 6. Bg2 {[%emt 0:00:30]} Nc6 {[%emt 0:00:01]} 7. O-O {[%emt 0:00:12]} Nf6 {[%emt 0:00:02]} 8. d3 {[%emt 0:00:05]} O-O {[%emt 0:00:08]} 9. Be3 {[%emt 0:00:09]} Nd4 {[%emt 0:00:06]} 10. Rc1 {[%emt 0:00:14]} Be6 {[%emt 0:00:16]} 11. b4 {[%emt 0:01:00]} Nxf3+ {[%emt 0:00:21]} 12. Bxf3 {[%emt 0:00:03]} cxb4 {[%emt 0:00:01]} 13. Bxb7 {[%emt 0:00:04]} Rb8 {[%emt 0:00:02]} 14. Bg2 {[%emt 0:00:17]} Nd5 {[%emt 0:00:02]} 15. Bxa7 {[%emt 0:00:18]} Ra8 {[%emt 0:00:14]} 16. Bxd5 {[%emt 0:00:41]} Qxd5 {[%emt 0:01:44]} 17. Nb6 {[%emt 0:00:28]} Qxa2 {[%emt 0:03:23]} 18. Nxa8 {[%emt 0:00:18]} Rxa8 {[%emt 0:00:17]} 19. Bc5 {[%emt 0:00:20]} b3 {[%emt 0:00:06]} 20. e3 {[%emt 0:03:47]} b2 {[%emt 0:00:16]} 21. Rb1 {[%emt 0:00:03]} Bb3 {[%emt 0:00:10]} 22. Qd2 {[%emt 0:01:05]} Qxb1 {[%emt 0:00:13]} 23. Rxb1 {[%emt 0:00:02]} Ra1 {[%emt 0:00:01]} 24. Kg2 {[%emt 0:01:48]} Rxb1 {[%emt 0:00:04]} 25. Bxe7 {[%emt 0:05:15]} Rd1 {[%emt 0:00:30]} 26. Qa5 {[%emt 0:00:05]} h6 {[%emt 0:00:41]} 27. Qd8+ {[%emt 0:00:07]} Kh7 {[%emt 0:00:01]} 28. Bf6 {[%emt 0:00:05]} Bxf6 {[%emt 0:00:03]} 29. Qxf6 {[%emt 0:00:02]} b1=Q {[%emt 0:00:02]} 0-1

[Event "Belt and Road Women-ch 2020"]
[Site "Xi'an"]
[Date "2020.12.04"]
[Round "5.3"]
[White "Atalik, Ekaterina"]
[Black "Lei, Tingjie"]
[Result "1/2-1/2"]
[WhiteElo "2430"]
[BlackElo "2505"]
[Annotator "ChessBase"]
[PlyCount "164"]
[EventDate "2020.12.03"]
[EventCountry "CHN"]
[SourceTitle "playchess.com"]
[Source "ChessBase"]
[SourceQuality "1"]
[TimeControl "900+5"]

1. d4 {[%emt 0:00:04]} d5 {[%emt 0:00:03]} 2. c4 {[%emt 0:00:04]} dxc4 {[%emt 0:00:02]} 3. Nf3 {[%emt 0:00:02]} Nf6 {[%emt 0:00:02]} 4. e3 {[%emt 0:00:02]} e6 {[%emt 0:00:01]} 5. Bxc4 {[%emt 0:00:02]} c5 {[%emt 0:00:00]} 6. O-O {[%emt 0:00:08]} Nc6 {[%emt 0:00:02]} 7. Qe2 {[%emt 0:00:10]} a6 {[%emt 0:00:04]} 8. a4 {[%emt 0:00:32]} cxd4 {[%emt 0:01:02]} 9. Rd1 {[%emt 0:00:07]} Be7 {[%emt 0:00:04]} 10. Nxd4 {[%emt 0:00:17]} Nxd4 {[%emt 0:00:09]} 11. Rxd4 {[%emt 0:00:04]} Qc7 {[%emt 0:00:14]} 12. Rd1 {[%emt 0:00:51]} b6 {[%emt 0:01:08]} 13. b3 {[%emt 0:00:07]} Bb7 {[%emt 0:00:12]} 14. Bb2 {[%emt 0:00:16]} O-O {[%emt 0:01:44]} 15. Nd2 {[%emt 0:00:12]} Bd6 {[%emt 0:02:14]} 16. Nf1 {[%emt 0:03:29]} Be5 {[%emt 0:00:48]} 17. Rac1 {[%emt 0:00:15]} Bxb2 {[%emt 0:00:11]} 18. Qxb2 {[%emt 0:00:02]} Qe7 {[%emt 0:00:01]} 19. Qd4 {[%emt 0:01:34]} Nd5 {[%emt 0:01:35]} 20. e4 {[%emt 0:00:53]} e5 {[%emt 0:00:39]} 21. Qd2 {[%emt 0:00:17]} Nf4 {[%emt 0:00:03]} 22. f3 {[%emt 0:00:41]} Rfd8 {[%emt 0:00:20]} 23. Qe3 {[%emt 0:00:20]} Rd6 {[%emt 0:03:13]} 24. g3 {[%emt 0:01:22]} Ng6 {[%emt 0:00:08]} 25. Qe2 {[%emt 0:00:16]} Nf8 {[%emt 0:00:07]} 26. Ne3 {[%emt 0:00:05]} g6 {[%emt 0:00:08]} 27. Bd5 {[%emt 0:00:21]} Bxd5 {[%emt 0:01:45]} 28. Nxd5 {[%emt 0:00:03]} Qd8 {[%emt 0:00:01]} 29. f4 {[%emt 0:00:33]} exf4 {[%emt 0:00:09]} 30. gxf4 {[%emt 0:00:01]} Qh4 {[%emt 0:00:24]} 31. Rf1 {[%emt 0:00:19]} Ne6 {[%emt 0:00:14]} 32. Rc3 {[%emt 0:01:20]} Nc5 {[%emt 0:00:08]} 33. Qg2 {[%emt 0:00:11]} Rad8 {[%emt 0:00:12]} 34. Rh3 {[%emt 0:00:05]} Qxh3 {[%emt 0:00:18]} 35. Qxh3 {[%emt 0:00:02]} Nxe4 {[%emt 0:00:01]} 36. Ne3 {[%emt 0:00:12]} Rd3 {[%emt 0:00:04]} 37. Qh4 {[%emt 0:00:24]} Nd2 {[%emt 0:00:12]} 38. Rf2 {[%emt 0:00:59]} h5 {[%emt 0:00:05]} 39. Nf1 {[%emt 0:00:36]} Ne4 {[%emt 0:00:18]} 40. Re2 {[%emt 0:00:02]} R8d4 {[%emt 0:00:02]} 41. Qe7 {[%emt 0:00:06]} Nc3 {[%emt 0:00:06]} 42. Qe8+ {[%emt 0:00:11]} Kg7 {[%emt 0:00:05]} 43. Re3 {[%emt 0:00:22]} Nd5 {[%emt 0:00:10]} 44. Rxd3 {[%emt 0:00:03]} Rxd3 {[%emt 0:00:01]} 45. Qe4 {[%emt 0:00:04]} Rd1 {[%emt 0:00:03]} 46. Kf2 {[%emt 0:00:04]} b5 {[%emt 0:00:09]} 47. axb5 {[%emt 0:00:03]} axb5 {[%emt 0:00:02]} 48. Ne3 {[%emt 0:00:05]} Nxe3 {[%emt 0:00:02]} 49. Qxe3 {[%emt 0:00:02]} Rd5 {[%emt 0:00:05]} 50. Qe4 {[%emt 0:00:05]} Rf5 {[%emt 0:00:02]} 51. Qd4+ {[%emt 0:00:02]} Kg8 {[%emt 0:00:02]} 52. Ke3 {[%emt 0:00:02]} Kh7 {[%emt 0:00:09]} 53. b4 {[%emt 0:00:02]} Kg8 {[%emt 0:00:02]} 54. h4 {[%emt 0:00:01]} Kh7 {[%emt 0:00:06]} 55. Ke4 {[%emt 0:00:01]} Kg8 {[%emt 0:00:08]} 56. Qd8+ {[%emt 0:00:02]} Kg7 {[%emt 0:00:01]} 57. Qd7 {[%emt 0:00:02]} Kf6 {[%emt 0:00:02]} 58. Qd4+ {[%emt 0:00:06]} Ke7 {[%emt 0:00:09]} 59. Qb6 {[%emt 0:00:08]} Kf8 {[%emt 0:00:13]} 60. Qd8+ {[%emt 0:00:09]} Kg7 {[%emt 0:00:01]} 61. Qd4+ {[%emt 0:00:01]} Kf8 {[%emt 0:00:03]} 62. Qd7 {[%emt 0:00:01]} Kg7 {[%emt 0:00:08]} 63. Qxf5 {[%emt 0:00:02]} gxf5+ {[%emt 0:00:02]} 64. Kxf5 {[%emt 0:00:00]} Kg8 {[%emt 0:00:12]} 65. Kg5 {[%emt 0:00:06]} Kg7 {[%emt 0:00:02]} 66. Kxh5 {[%emt 0:00:01]} Kf6 {[%emt 0:00:02]} 67. Kg4 {[%emt 0:00:01]} Kg6 {[%emt 0:00:00]} 68. h5+ {[%emt 0:00:14]} Kh6 {[%emt 0:00:04]} 69. f5 {[%emt 0:00:20]} f6 {[%emt 0:00:05]} 70. Kh4 {[%emt 0:00:08]} Kh7 {[%emt 0:00:04]} 71. Kg3 {[%emt 0:00:02]} Kh6 {[%emt 0:00:03]} 72. Kg4 {[%emt 0:00:01]} Kh7 {[%emt 0:00:05]} 73. Kf4 {[%emt 0:00:43]} Kh6 {[%emt 0:00:02]} 74. Ke4 {[%emt 0:00:07]} Kxh5 {[%emt 0:00:01]} 75. Kd5 {[%emt 0:00:00]} Kg4 {[%emt 0:00:02]} 76. Kc5 {[%emt 0:00:01]} Kxf5 {[%emt 0:00:01]} 77. Kxb5 {[%emt 0:00:01]} Kg4 {[%emt 0:00:19]} 78. Kc6 {[%emt 0:00:02]} f5 {[%emt 0:00:01]} 79. b5 {[%emt 0:00:00]} f4 {[%emt 0:00:01]} 80. b6 {[%emt 0:00:01]} f3 {[%emt 0:00:01]} 81. b7 {[%emt 0:00:00]} f2 {[%emt 0:00:02]} 82. b8=Q {[%emt 0:00:01]} f1=Q {[%emt 0:00:01]} 1/2-1/2